Adukty epoxidových živíc s amínmi

Bibliographic Details
Other Authors: Florovičová, Ľudmila (Originator, Patent holder), Florovič, Stanislav (Originator, Patent holder)
Format: Book
Language:Slovak
PhysicalDescription:4 s. 30 cm
Published: [Banská Bystrica] Úrad priemyselného vlastníctva SR [2008]
Subjects:

MARC

LEADER 00000cam a2200000 a 4500
001 vtls009829818
003 SK-MaSNL
005 20260331205335.0
008 090726s2008 xo j f000 0 slo
013 |a 286290  |b xo  |c patent  |d 20080606  |e dátum nadobudnutia účinkov patentu (Vestník ÚPV SR č.: 6/2008)  |d 20080619  |e dátum sprístupnenia patentu 
013 |a 409-2003  |e číslo prihlášky  |d 20030403  |e dátum podania prihlášky  |d 20041005  |e dátum zverejnenia prihlášky (Vestník ÚPV SR č.: 10/2004) 
015 |a SNBN2015 
035 |a (SVKBBclas03)vtls000293342 
040 |a SNK  |b slo  |c SNK  |e AACR2 
041 0 |a slo 
044 |a xo  |c SK 
072 7 |a 54  |x Chémia. Mineralogické vedy  |2 konspekt 
080 |a 54-3  |2 2001 
084 |a C09D 163/00  |2 IPC 
084 |a C08L 63/00  |2 IPC 
100 1 |a Florovičová, Ľudmila  |4 org  |4 pth  |9 745660 
245 1 0 |a Adukty epoxidových živíc s amínmi  |c Ľudmila Florovičová, Stanislav Florovič 
260 |a [Banská Bystrica]  |b Úrad priemyselného vlastníctva SR  |c [2008] 
300 |a 4 s.  |c 30 cm 
650 0 7 |a chemické zlúčeniny  |2 SNKPH  |9 108183 
650 0 7 |a Chemical compounds  |2 SNKPHeng  |9 325708 
650 0 7 |a adukty  |2 SNKPH  |9 745661 
655 7 |a patenty  |2 SNKPH  |9 177343 
655 7 |a patent licenses  |2 SNKPHeng  |9 303430 
700 1 |a Florovič, Stanislav  |4 org  |4 pth  |9 745662 
999 |c 1174621  |d 1176551 
952 |a SNK  |b SNK  |y PREZ  |7 0  |p 17A1157114  |o snkSK 286290  |i snk2015/14354  |8 0  |0 0  |1 0  |4 0  |d 2015-04-30  |l 0  |r 2026-02-24 21:18:13  |w 2026-02-24